Методологические проблемы теории научного коммунизма

Sonraí bibleagrafaíochta
Príomhchruthaitheoir: Олех Л. Г. Леонид Григорьевич
Teanga:Rúisis
Foilsithe / Cruthaithe: Томск, Изд-во ТГУ, 1980
Ábhair:
Formáid: MixedMaterials LEABHAR
KOHA link:https://koha.lib.tpu.ru/cgi-bin/koha/opac-detail.pl?biblionumber=364773

MARC

LEADER 00000nam0a2200000 4500
001 364773
005 20231102011724.0
035 |a (RuTPU)RU\TPU\retro\22136 
090 |a 364773 
100 |a 20211129d1980 m y0rusy50 ca 
101 0 |a rus 
102 |a RU 
105 |a y z 001zy 
200 1 |a Методологические проблемы теории научного коммунизма  |f Л. Г. Олех 
210 |a Томск  |c Изд-во ТГУ  |d 1980 
215 |a 118 с. 
320 |a Библиография в ссылках 
606 1 |a Научный коммунизм  |x Социальная философия  |2 stltpush  |3 (RuTPU)RU\TPU\subj\71681  |9 85472 
610 1 |a теория 
610 1 |a методология 
610 1 |a предмет 
610 1 |a законы 
610 1 |a категории 
686 |a Ю621.18  |v LBC/SL-A  |2 rubbk 
700 1 |a Олех  |b Л. Г.  |g Леонид Григорьевич 
801 1 |a RU  |b 63413507  |c 20211129 
801 2 |a RU  |b 63413507  |c 20211129  |g RCR 
942 |c BK